[Event "26.Off.Bayer.Senioren-EM 2014"]
[Site "Bergen"]
[Date "2014.06.25"]
[Round "5.8"]
[White "Braeu, Ludwig"]
[Black "Aigner, Georg"]
[Result "0-1"]
[WhiteElo "1759"]
[BlackElo "1786"]
[PlyCount "120"]
[EventDate "2014.??.??"]
[WhiteTeam "SK Marktoberdorf"]
[BlackTeam "TSV Dietfurt/Altm. e.V."]

1. c4 e5 2. g3 d5 3. cxd5 Qxd5 4. Nf3 Nc6 5. Nc3 Qd8 6. Bg2 Bd6 7. O-O Nge7 8.
d4 exd4 9. Nxd4 Nxd4 10. Qxd4 O-O 11. Rd1 Ng6 12. b3 Qe7 13. Bb2 Be5 14. Qd2 c6
15. Rac1 h5 16. f4 Bc7 17. e4 h4 18. Kh1 hxg3 19. hxg3 Bg4 20. Ne2 Rad8 21. Qc3
f6 22. Rxd8 Rxd8 23. Nd4 Bb6 24. Qc4+ Qf7 25. Rc2 c5 26. Nf5 Qxc4 27. bxc4 Kf7
28. Ne3 Bc8 29. Nd5 Ba5 30. Bc3 Bxc3 31. Rxc3 Ne7 32. Kg1 Nc6 33. Kf2 Be6 34.
Rc1 Nb4 35. Rb1 b6 36. a3 Nc6 37. Ke3 Rh8 38. Rh1 Rxh1 39. Bxh1 Nd4 40. Kd3 Bh3
41. Ne3 Bd7 42. Bg2 Ke7 43. Bf1 Kd6 44. Be2 Ba4 45. Nf5+ Nxf5 46. exf5 b5 47.
Kc3 a6 48. Bf3 bxc4 49. Be4 Bc6 50. Bxc6 Kxc6 51. Kxc4 Kd6 52. a4 Kc6 53. a5
Kd6 54. g4 Kc6 55. g5 Kd6 56. gxf6 gxf6 57. Kc3 Kd5 58. Kd3 c4+ 59. Kc3 Kc5 60.
Kc2 Kb4 0-1

[Event "26.Off.Bayer.Senioren-EM 2014"]
[Site "Bergen"]
[Date "2014.06.25"]
[Round "5.9"]
[White "Reimann, Guenther"]
[Black "Miskevicer, Boris"]
[Result "1/2-1/2"]
[WhiteElo "1768"]
[BlackElo "2079"]
[PlyCount "115"]
[EventDate "2014.??.??"]
[WhiteTeam "SC Magstadt"]
[BlackTeam "SG Schwabing München Nord e.V."]

1. c4 Nf6 2. Nf3 g6 3. g3 Bg7 4. Bg2 O-O 5. O-O d6 6. d3 c6 7. Nbd2 Bg4 8. Re1
Qd7 9. Rb1 Bh3 10. b4 Bxg2 11. Kxg2 a5 12. b5 c5 13. a4 b6 14. Bb2 e5 15. e4
Nh5 16. h3 Qb7 17. Qe2 Nd7 18. Rh1 f5 19. Kg1 Bh6 20. Re1 Bxd2 21. Nxd2 Ndf6
22. Bc1 Ng7 23. exf5 Nxf5 24. Nb3 Rf7 25. Bg5 Nd7 26. Qe4 Qxe4 27. Rxe4 Nd4 28.
Nd2 Kg7 29. g4 Raf8 30. Bh4 g5 31. Bg3 Nf6 32. Re3 Kg6 33. Kg2 h5 34. gxh5+
Nxh5 35. Rf1 Nc2 36. Re4 Nb4 37. Re3 Nf4+ 38. Bxf4 gxf4 39. Rf3 Kf5 40. Ne4
Rg7+ 41. Kh2 Ke6 42. h4 Rh8 43. Rh3 d5 44. Ng5+ Kf5 45. Rg1 dxc4 46. dxc4 e4
47. Rd1 Nd3 48. Nxe4 Kxe4 49. Rdxd3 Rhg8 50. Rhf3 Rg2+ 51. Kh3 Rg1 52. Kh2 Rc1
53. Rc3 Rxc3 54. Rxc3 f3 55. Re3+ Kf4 56. Re6 Rg2+ 57. Kh3 Rxf2 58. Rxb6
1/2-1/2

[Event "26.Off.Bayer.Senioren-EM 2014"]
[Site "Bergen"]
[Date "2014.06.25"]
[Round "5.10"]
[White "Daeubler, Heinrich"]
[Black "Hansch, Klaus-Michael"]
[Result "1-0"]
[WhiteElo "2044"]
[BlackElo "1766"]
[PlyCount "95"]
[EventDate "2014.??.??"]
[WhiteTeam "Schachclub Haselmühl"]
[BlackTeam "SC Weisse Dame e.V."]

1. d4 d5 2. c4 e6 3. Nc3 c6 4. Nf3 Nf6 5. g3 Nbd7 6. Bg2 dxc4 7. O-O Be7 8. e4
O-O 9. Bf4 Nh5 10. Be3 Nhf6 11. a4 Bb4 12. Qc2 Ba5 13. Rfd1 Re8 14. Nd2 Ng4 15.
Nxc4 Nxe3 16. Nxe3 Nf6 17. Nc4 Bb4 18. e5 Nd5 19. Ne4 Rf8 20. a5 Bd7 21. Nc5
Rb8 22. Qa4 Bxc5 23. dxc5 f6 24. a6 f5 25. Rd2 f4 26. axb7 Rxb7 27. Nd6 Rc7 28.
Ra3 fxg3 29. hxg3 Qa8 30. Qa5 Qb8 31. Ra4 Qd8 32. Rd3 Qb8 33. Qd2 Be8 34. Bh3
Bd7 35. Rda3 h6 36. Rg4 Kh8 37. Rg6 Ne7 38. Rxh6+ Kg8 39. Bxe6+ Bxe6 40. Rxe6
Nd5 41. Ne4 Rf5 42. Rxc6 Rxe5 43. Rxc7 Qxc7 44. f4 Rh5 45. g4 Rh6 46. Qxd5+ Kh8
47. Ng5 Qxf4 48. Qd8+ 1-0

[Event "26.Off.Bayer.Senioren-EM 2014"]
[Site "Bergen"]
[Date "2014.06.25"]
[Round "5.11"]
[White "Neumeister, Herbert"]
[Black "Gerl, Hans"]
[Result "0-1"]
[WhiteElo "1716"]
[BlackElo "1917"]
[PlyCount "50"]
[EventDate "2014.??.??"]
[WhiteTeam "Schachvereinigung Düren 13 Deric"]
[BlackTeam "SK Zirndorf e.V."]

1. d4 Nf6 2. c4 e6 3. Nc3 Bb4 4. a3 Bxc3+ 5. bxc3 d6 6. Nf3 O-O 7. Bg5 b6 8. g3
Bb7 9. Bg2 h6 10. Bf4 Qe7 11. O-O Nc6 12. Nd2 e5 13. Be3 Ng4 14. Qc2 f5 15. Nf3
Nxe3 16. fxe3 g6 17. e4 f4 18. Nh4 Kg7 19. Rf3 Na5 20. c5 Nc4 21. cxd6 cxd6 22.
Qd3 Ne3 23. gxf4 exf4 24. Rxe3 fxe3 25. Nxg6 Kxg6 0-1

[Event "26.Off.Bayer.Senioren-EM 2014"]
[Site "Bergen"]
[Date "2014.06.25"]
[Round "5.12"]
[White "Perzl, Michael"]
[Black "Glueck, Josef"]
[Result "0-1"]
[WhiteElo "1754"]
[BlackElo "1899"]
[PlyCount "90"]
[EventDate "2014.??.??"]
[WhiteTeam "TSV Trostberg"]
[BlackTeam "SG Traunstein/Traunreut e.V."]

1. d4 e6 2. c4 Nf6 3. Nc3 Bb4 4. e3 c5 5. Nf3 Bxc3+ 6. bxc3 d6 7. Bd3 Nc6 8.
O-O e5 9. Nd2 O-O 10. d5 Ne7 11. Qc2 h6 12. f3 Bd7 13. Rf2 Rb8 14. Nf1 b5 15.
e4 Ng6 16. g3 bxc4 17. Be2 Qa5 18. Ne3 Ba4 19. Qd2 Bb5 20. Nf5 Ne8 21. h4 Qd8
22. h5 Ne7 23. Ne3 f5 24. Nxc4 fxe4 25. fxe4 Rxf2 26. Kxf2 Nf6 27. Qd3 Qd7 28.
Nxe5 dxe5 29. c4 Ba6 30. Ba3 Rf8 31. Kg2 Qd6 32. Qe3 Nd7 33. Bg4 Bxc4 34. Rc1
Bxa2 35. Be6+ Kh7 36. Bxd7 Qxd7 37. Bxc5 Rf7 38. Qa3 Bxd5 39. exd5 Qxd5+ 40.
Kh2 Nc6 41. Qc3 e4 42. Qc4 Qxh5+ 43. Kg1 Qf3 44. Kh2 Ne5 45. Rc3 Nxc4 0-1

[Event "26.Off.Bayer.Senioren-EM 2014"]
[Site "Bergen"]
[Date "2014.06.25"]
[Round "5.13"]
[White "Boldt, Heinrich"]
[Black "Kochseder, Georg"]
[Result "1/2-1/2"]
[WhiteElo "1701"]
[BlackElo "1892"]
[PlyCount "47"]
[EventDate "2014.??.??"]
[WhiteTeam "TSV Kareth-Lappersdorf"]
[BlackTeam "TV 1890 Hallstadt"]

1. d4 Nf6 2. Nf3 g6 3. c4 Bg7 4. Nc3 d6 5. e4 O-O 6. Be2 Nbd7 7. O-O e5 8. dxe5
dxe5 9. Bg5 c6 10. Qc2 Qc7 11. b4 Re8 12. Rac1 Nf8 13. Rfd1 Bg4 14. h3 Bxf3 15.
Bxf3 Ne6 16. Be3 Red8 17. Ne2 b6 18. c5 b5 19. Rxd8+ Rxd8 20. Rd1 Bf8 21. Rxd8
Qxd8 22. Kf1 Qc7 23. Qd2 h5 24. g3 1/2-1/2

[Event "26.Off.Bayer.Senioren-EM 2014"]
[Site "Bergen"]
[Date "2014.06.25"]
[Round "5.14"]
[White "Simin, Vladimir"]
[Black "Reichwald, Klaus"]
[Result "1-0"]
[WhiteElo "1883"]
[BlackElo "1707"]
[PlyCount "101"]
[EventDate "2014.??.??"]
[WhiteTeam "FC Ergolding 1932 e.V."]
[BlackTeam "SC Lohhof 1950 e.V."]

1. e4 c5 2. Nf3 Nc6 3. d4 cxd4 4. Nxd4 d6 5. Nc3 g6 6. Be3 Bg7 7. Qd2 Nf6 8. f3
Bd7 9. O-O-O a6 10. g4 b5 11. h4 Qa5 12. Nb3 Qc7 13. h5 Ne5 14. h6 Bf8 15. g5
b4 16. Nd5 Nxd5 17. exd5 Nxf3 18. Qxb4 a5 19. Qb6 Qxb6 20. Bxb6 a4 21. Nd4 Nxg5
22. Nb5 Rc8 23. Nc7+ Rxc7 24. Bxc7 f6 25. Bb6 Nf7 26. Be3 g5 27. b4 axb3 28.
cxb3 Nxh6 29. b4 Ng4 30. Bd4 Bg7 31. Bd3 Kf7 32. Rxh7 Rxh7 33. Bxh7 f5 34. b5
Bxd4 35. Rxd4 Nf6 36. b6 Bc8 37. Bxf5 Bxf5 38. b7 Nd7 39. Ra4 g4 40. Kd2 Kf6
41. Rb4 Ke5 42. b8=Q Nxb8 43. Rxb8 Kxd5 44. a4 Kc6 45. a5 Kc7 46. Rb4 Bc8 47.
Rc4+ Kb8 48. Ke3 d5 49. Rd4 e6 50. Kf4 Bd7 51. Kxg4 1-0

[Event "26.Off.Bayer.Senioren-EM 2014"]
[Site "Bergen"]
[Date "2014.06.25"]
[Round "5.15"]
[White "Babichev, Vyacheslav"]
[Black "Rueckleben, Hermann"]
[Result "1-0"]
[WhiteElo "1689"]
[BlackElo "1876"]
[PlyCount "147"]
[EventDate "2014.??.??"]
[WhiteTeam "SW Nürnberg Süd e.V."]
[BlackTeam "SF Baden-Lichtental"]

1. b3 e5 2. Bb2 Nc6 3. e3 d6 4. g3 g6 5. Bg2 Bg7 6. Ne2 Nf6 7. d3 O-O 8. Nd2
Rb8 9. O-O h5 10. h4 Ng4 11. Nf3 Bh6 12. Nh2 g5 13. Nxg4 hxg4 14. h5 Ne7 15. e4
f6 16. Kh2 Qe8 17. Rh1 Rf7 18. Kg1 Rh7 19. Qd2 Bg7 20. Qa5 b6 21. Qxa7 Rb7 22.
Qa6 Rxh5 23. Rxh5 Qxh5 24. a4 Qe8 25. Qc4+ Kf8 26. Nc3 Qc6 27. Qb4 Qc5 28. Qxc5
dxc5 29. Nb5 Bd7 30. Bf1 Nc6 31. c3 Be6 32. Ra3 Ke8 33. Be2 Bf8 34. c4 Nd4 35.
Nxd4 cxd4 36. Ra1 Bb4 37. Kg2 Kf7 38. Ba3 Bc3 39. Rh1 Kg7 40. Rb1 Ra7 41. Bd1
Bd7 42. Bb2 Bb4 43. Ra1 Ra8 44. Ba3 Bc3 45. Ra2 Kg6 46. Bc1 f5 47. Bd2 Bxd2 48.
Rxd2 Bc6 49. Kg1 Rh8 50. f3 gxf3 51. Bxf3 fxe4 52. Bxe4+ Bxe4 53. dxe4 c5 54.
Rf2 Rd8 55. Kf1 Kh5 56. Ke2 d3+ 57. Kd2 Kg4 58. Rf5 Rd4 59. Rxe5 Kxg3 60. Rxg5+
Kf4 61. Rg6 Kxe4 62. Rxb6 Rd7 63. Re6+ Kd4 64. Re3 Rh7 65. Rxd3+ Ke4 66. Kc3
Rh5 67. a5 Rg5 68. a6 Rg6 69. a7 Ra6 70. Rd7 Ke5 71. Rd5+ Ke6 72. Rxc5 Kd6 73.
b4 Rxa7 74. Rd5+ 1-0

[Event "26.Off.Bayer.Senioren-EM 2014"]
[Site "Bergen"]
[Date "2014.06.25"]
[Round "5.16"]
[White "Pidtoptanyy, Igor"]
[Black "Koenigl, Anton"]
[Result "1/2-1/2"]
[WhiteElo "1821"]
[BlackElo "1696"]
[PlyCount "114"]
[EventDate "2014.??.??"]
[WhiteTeam "SW Nürnberg Süd e.V."]
[BlackTeam "FC Ergolding 1932 e.V."]

1. e4 d5 2. exd5 Nf6 3. d4 Nxd5 4. c4 Nf6 5. Nf3 Bg4 6. Be2 e6 7. O-O Be7 8. h3
Bxf3 9. Bxf3 c6 10. Qb3 Qb6 11. Qxb6 axb6 12. Nc3 O-O 13. Be3 Nbd7 14. a3 Rfd8
15. Rad1 Ra6 16. Bf4 Ne8 17. d5 cxd5 18. cxd5 e5 19. Be3 Nd6 20. Be2 Raa8 21.
g4 Rdc8 22. Nb5 Rc2 23. Rd2 Rxd2 24. Bxd2 Ne4 25. Be3 Rc8 26. Rc1 Rxc1+ 27.
Bxc1 Ndf6 28. f3 Nd6 29. Nxd6 Bxd6 30. Bc4 Bc5+ 31. Kg2 Ne8 32. b4 Bd4 33. Kf1
Nd6 34. Bd3 Kf8 35. Ke2 h6 36. a4 Bc3 37. Ba3 Ke8 38. b5 Kd7 39. Bf5+ Kc7 40.
Kd3 Ba1 41. Bh7 Kd7 42. Bg8 f6 43. Be6+ Kc7 44. Bb4 Bd4 45. h4 Bf2 46. h5 Bd4
47. Bxd6+ Kxd6 48. Ke4 Bc3 49. Kf5 Ke7 50. Kg6 Kf8 51. Bc8 Bb4 52. Bxb7 Bc5 53.
Kf5 Ke7 54. Bc6 Bd6 55. Ke4 Bc7 56. Kf5 Bd6 57. Kg6 Kf8 1/2-1/2

[Event "26.Off.Bayer.Senioren-EM 2014"]
[Site "Bergen"]
[Date "2014.06.25"]
[Round "5.17"]
[White "Willin, Bernhard"]
[Black "Mahrla, Hans"]
[Result "0-1"]
[WhiteElo "1807"]
[BlackElo "1626"]
[PlyCount "110"]
[EventDate "2014.??.??"]
[WhiteTeam "SC Horben"]
[BlackTeam "SC Eichenau"]

1. e4 e6 2. d3 d5 3. Nd2 c5 4. g3 Nc6 5. Bg2 Be7 6. Ne2 Nf6 7. O-O O-O 8. c3 d4
9. cxd4 cxd4 10. h3 e5 11. f4 exf4 12. gxf4 b6 13. Nf3 Bb7 14. Ng3 g6 15. Rf2
Rb8 16. a3 Qd7 17. Bd2 Rfd8 18. Qe2 Re8 19. Raf1 Rf8 20. f5 Bd6 21. Nh1 Qc7 22.
Bh6 Rfe8 23. fxg6 fxg6 24. Rc1 Bf4 25. Bxf4 Qxf4 26. Rcf1 Qd6 27. Qd2 Nh5 28.
Qh6 Qf8 29. Qg5 Qe7 30. Qh6 Qf8 31. Qd2 Qd6 32. Ng5 Rf8 33. Nf7 Qe7 34. Nh6+
Kh8 35. Rf7 Rxf7 36. Rxf7 Qe5 37. Qf2 Qd6 38. e5 Qc5 39. b4 Qc1+ 40. Kh2 Qxh6
41. b5 Na5 42. Qxd4 Bxg2 43. e6+ Kg8 44. Kxg2 Qg5+ 45. Kf3 Nb3 46. Qd7 Nd2+ 47.
Kf2 Qc5+ 48. Ke2 Qc2 49. Rxh7 Nc4+ 50. Kf1 Qd1+ 51. Kf2 Qd2+ 52. Kg1 Qe1+ 53.
Kh2 Qe2+ 54. Kg1 Qe3+ 55. Kh2 Ne5 0-1

[Event "26.Off.Bayer.Senioren-EM 2014"]
[Site "Bergen"]
[Date "2014.06.25"]
[Round "5.18"]
[White "Schroeder, Klaus"]
[Black "Klueber, Werner"]
[Result "1/2-1/2"]
[WhiteElo "1680"]
[BlackElo "1769"]
[PlyCount "59"]
[EventDate "2014.??.??"]
[WhiteTeam "SC Karlsdorf"]
[BlackTeam "SC Prichsenstadt"]

1. Nf3 d5 2. d4 Nf6 3. e3 e6 4. Bd3 Be7 5. O-O O-O 6. Nbd2 b6 7. b3 Bb7 8. Bb2
Nbd7 9. c4 c5 10. Rc1 Rc8 11. Ne5 cxd4 12. exd4 dxc4 13. Bxc4 Nd5 14. Ndf3 h6
15. Re1 N7f6 16. a3 a6 17. b4 b5 18. Ba2 Qb6 19. Nd3 a5 20. Qd2 axb4 21. axb4
Rxc1 22. Rxc1 Rc8 23. Nc5 Bc6 24. Ne5 Be8 25. Bb3 Ra8 26. h3 Ra7 27. Ned3 Bd6
28. Re1 Qb8 29. Qe2 Bh2+ 30. Kh1 1/2-1/2

[Event "26.Off.Bayer.Senioren-EM 2014"]
[Site "Bergen"]
[Date "2014.06.25"]
[Round "5.19"]
[White "Hein, Manfred"]
[Black "Appel, Juergen"]
[Result "1/2-1/2"]
[WhiteElo "1943"]
[BlackElo "1650"]
[PlyCount "97"]
[EventDate "2014.??.??"]
[WhiteTeam "FC Gunzenhausen 1910 e.V"]
[BlackTeam "Zwickauer Schachclub"]

1. e4 d6 2. d4 Nd7 3. Nf3 e6 4. Bd3 g6 5. O-O Bg7 6. c3 Ne7 7. Be3 h6 8. h3 b6
9. Re1 Bb7 10. Nbd2 O-O 11. Nh2 e5 12. d5 g5 13. g4 Ng6 14. Nhf3 Nf4 15. Bxf4
exf4 16. Nb3 Ne5 17. Nfd4 Bc8 18. Be2 Bd7 19. Nf5 Ng6 20. Nxg7 Kxg7 21. Nd4 Ne5
22. Kg2 Rh8 23. Rh1 Qe7 24. Qc2 Rae8 25. Bb5 Reg8 26. Bxd7 Qxd7 27. Nf5+ Kf6
28. c4 Rh7 29. Qc3 Kg6 30. h4 f6 31. h5+ Kf7 32. f3 Qe8 33. b3 Nxg4 34. fxg4
Qxe4+ 35. Qf3 Qc2+ 36. Kh3 Re8 37. Rhe1 Re5 38. Rxe5 fxe5 39. Re1 Rh8 40. Re2
Qb1 41. Kg2 Kg8 42. Qe4 Qxe4+ 43. Rxe4 Kh7 44. Kf3 Re8 45. b4 a5 46. b5 Rf8 47.
Re1 Re8 48. Nd4 Re7 49. Ne6 1/2-1/2

[Event "26.Off.Bayer.Senioren-EM 2014"]
[Site "Bergen"]
[Date "2014.06.25"]
[Round "5.20"]
[White "Duerr, Rainer"]
[Black "Schindler, Jan"]
[Result "1-0"]
[WhiteElo "1861"]
[BlackElo "1637"]
[PlyCount "121"]
[EventDate "2014.??.??"]
[WhiteTeam "SC Prien"]
[BlackTeam "SC Anderssen Nürnberg 1929 e.V."]

1. d4 Nf6 2. Nf3 e6 3. e3 b6 4. Bd3 Bb7 5. O-O Be7 6. c4 O-O 7. Nc3 d5 8. b3
Nbd7 9. cxd5 exd5 10. Bb2 Re8 11. Rc1 Bf8 12. Ne2 Rc8 13. Ne5 c5 14. Ng3 g6 15.
Nxd7 Nxd7 16. dxc5 Nxc5 17. Be2 Bg7 18. Bxg7 Kxg7 19. Qd4+ Qf6 20. Qxf6+ Kxf6
21. Bg4 Ne6 22. Bf3 Ng5 23. Bg4 Ne6 24. h4 h5 25. Bf3 Rxc1 26. Rxc1 Re7 27. Ne2
Rc7 28. Rxc7 Nxc7 29. Kf1 Ba6 30. Ke1 Bxe2 31. Kxe2 Ke5 32. Kd3 Na6 33. Kc3 f5
34. b4 Nc7 35. Be2 Ne6 36. Bb5 f4 37. Be8 Kf6 38. Bd7 fxe3 39. fxe3 Nf8 40. Bc6
Ke5 41. Kd3 Ne6 42. Bd7 Nf8 43. Be8 Kd6 44. Bf7 Ke5 45. b5 Kd6 46. Kd4 Ne6+ 47.
Bxe6 Kxe6 48. e4 dxe4 49. Kxe4 Kf6 50. Kf4 Kf7 51. Ke5 Ke7 52. a4 Kf7 53. Kd6
Kf6 54. Kc7 g5 55. Kb7 gxh4 56. Kxa7 Kg5 57. Kxb6 Kg4 58. a5 Kg3 59. a6 Kxg2
60. a7 h3 61. a8=Q+ 1-0

[Event "26.Off.Bayer.Senioren-EM 2014"]
[Site "Bergen"]
[Date "2014.06.25"]
[Round "5.21"]
[White "Klimpel, Siegfried"]
[Black "Krafzik, Joachim"]
[Result "0-1"]
[WhiteElo "1662"]
[BlackElo "1819"]
[PlyCount "116"]
[EventDate "2014.??.??"]
[WhiteTeam "TSV Kareth-Lappersdorf"]
[BlackTeam "SC Haar 1931"]

1. e4 b6 2. d4 e6 3. Nf3 Bb7 4. Bd3 Nf6 5. Qe2 d5 6. e5 Ne4 7. Nbd2 Nxd2 8.
Bxd2 Be7 9. c3 c5 10. Qe3 Ba6 11. Bxa6 Nxa6 12. Qe2 Nc7 13. h4 h6 14. g4 g6 15.
Be3 Qd7 16. g5 h5 17. O-O O-O 18. Ne1 cxd4 19. cxd4 Rac8 20. Ng2 Qb5 21. Qxb5
Nxb5 22. a4 Nc7 23. Rac1 Na6 24. Bd2 Bb4 25. Be3 Ba5 26. Nf4 Nb4 27. Bd2 Na2
28. Rxc8 Rxc8 29. Bxa5 bxa5 30. Nd3 Rc4 31. Nc5 Rxd4 32. Nd7 Rc4 33. Nb8 Nb4
34. Nd7 Rc7 35. Nf6+ Kf8 36. Rd1 Ke7 37. Kf1 Rc2 38. Ng8+ Kd8 39. Nh6 Ke8 40.
b3 Nc6 41. f4 Nd8 42. Ng8 Rc3 43. Nf6+ Ke7 44. Ke2 Nc6 45. Ng8+ Kd8 46. Nh6 Ke8
47. Ng8 Rxb3 48. Rc1 Rb6 49. Kd2 Kd7 50. Nh6 Nd8 51. Ng8 Rc6 52. Nf6+ Kc8 53.
Rb1 Rc4 54. Rb5 Nb7 55. Ne8 Rxa4 56. Nd6+ Nxd6 57. exd6 Rxf4 58. Rxa5 Kd7 0-1

[Event "26.Off.Bayer.Senioren-EM 2014"]
[Site "Bergen"]
[Date "2014.06.25"]
[Round "5.22"]
[White "Zschorsch, Peter"]
[Black "Husser, Oskar"]
[Result "0-1"]
[WhiteElo "1788"]
[BlackElo "1620"]
[PlyCount "94"]
[EventDate "2014.??.??"]
[WhiteTeam "Karlsruher SF 1853"]
[BlackTeam "SC Caissa Falkensee e.V."]

1. e4 d5 2. exd5 Nf6 3. Bb5+ Bd7 4. Bxd7+ Qxd7 5. c4 c6 6. Nf3 cxd5 7. c5 Nc6
8. d4 g6 9. O-O Bg7 10. Nc3 O-O 11. Re1 Rfe8 12. Ne5 Qf5 13. g4 Qc8 14. f3 e6
15. Nxc6 Qxc6 16. b4 a6 17. Bg5 Nd7 18. f4 f6 19. Bh4 e5 20. dxe5 fxe5 21.
Qxd5+ Qxd5 22. Nxd5 exf4 23. Rad1 Rxe1+ 24. Rxe1 Be5 25. h3 Rf8 26. c6 bxc6 27.
Ne7+ Kg7 28. Nxc6 Bf6 29. g5 Bd8 30. Rd1 Bb6+ 31. Kf1 Rf7 32. Be1 Bc7 33. Bc3+
Kg8 34. Re1 Bd6 35. Re6 Bf8 36. Re8 Nb6 37. Be5 Nc4 38. Bf6 Ne3+ 39. Kf2 Nd5
40. Bd4 Rc7 41. Bc5 Rxc6 42. Rxf8+ Kg7 43. Rd8 Nc3 44. Bd4+ Kf7 45. Rd7+ Ke6
46. Rxh7 Ne4+ 47. Kf3 Nxg5+ 0-1

[Event "26.Off.Bayer.Senioren-EM 2014"]
[Site "Bergen"]
[Date "2014.06.25"]
[Round "5.23"]
[White "Kolkwitz, Klaus"]
[Black "Kammel, Rudolf"]
[Result "0-1"]
[WhiteElo "1784"]
[BlackElo "1613"]
[PlyCount "64"]
[EventDate "2014.??.??"]
[WhiteTeam "ESV 1949 Eberswalde e.V."]
[BlackTeam "SC Bavaria Regensb.1881"]

1. d4 d5 2. Nf3 Nf6 3. e3 e6 4. Bd3 c5 5. c3 Be7 6. O-O Nc6 7. dxc5 Bxc5 8.
Nbd2 O-O 9. e4 e5 10. exd5 Qxd5 11. Ne4 Nxe4 12. Ng5 Bf5 13. Qf3 Nxf2 14. Qxd5
Nxd3+ 15. Kh1 Rad8 16. Qf3 Nf2+ 17. Kg1 Bg4 18. Qxf2 Bxf2+ 19. Kxf2 h6 20. Ne4
b6 21. b3 Rd3 22. h3 Be6 23. c4 f5 24. Ng3 e4 25. Ne2 g5 26. h4 f4 27. hxg5
hxg5 28. Bb2 e3+ 29. Ke1 Bg4 30. Rd1 Rfd8 31. Rxd3 Rxd3 32. Bf6 Nb4 0-1

[Event "26.Off.Bayer.Senioren-EM 2014"]
[Site "Bergen"]
[Date "2014.06.25"]
[Round "5.24"]
[White "Alefs, Heinz"]
[Black "Leuschner, Guenter"]
[Result "0-1"]
[WhiteElo "1627"]
[BlackElo "1755"]
[PlyCount "76"]
[EventDate "2014.??.??"]
[WhiteTeam "SC Eichenau"]
[BlackTeam "SK Nürnberg 1911 e.V."]

1. d4 Nf6 2. Nf3 g6 3. e3 Bg7 4. c4 O-O 5. Nc3 b6 6. Bd3 Bb7 7. O-O d6 8. Re1
Nbd7 9. e4 e5 10. d5 Nc5 11. Bc2 a5 12. Bg5 h6 13. Be3 Ncd7 14. h3 Nh5 15. Qd2
Kh7 16. g4 Qf6 17. Nh2 Nf4 18. Bxf4 exf4 19. Nf3 Rae8 20. Rab1 Bc8 21. Ne2 Ne5
22. Nxe5 dxe5 23. f3 Rd8 24. b4 axb4 25. Rxb4 Rh8 26. Kf1 Bf8 27. Rbb1 Bc5 28.
Ng1 Kg7 29. Qg2 h5 30. g5 Qd6 31. h4 Bd7 32. Ne2 Ra8 33. Nc3 Bb4 34. Rb3 Bxc3
35. Rxc3 Rxa2 36. Re2 Rha8 37. Qf2 Bh3+ 38. Kg1 Qb4 0-1

[Event "26.Off.Bayer.Senioren-EM 2014"]
[Site "Bergen"]
[Date "2014.06.25"]
[Round "5.25"]
[White "Wolf, Reinhard"]
[Black "Kunte, Herbert"]
[Result "1-0"]
[WhiteElo "1731"]
[BlackElo "1603"]
[PlyCount "71"]
[EventDate "2014.??.??"]
[WhiteTeam "SV Königsspringer 1929 Großauhei"]
[BlackTeam "SK Siemens München"]

1. e4 c5 2. Nf3 d6 3. c3 Nf6 4. Qc2 Nc6 5. d4 cxd4 6. cxd4 e6 7. Bb5 Bd7 8. O-O
Be7 9. Nc3 O-O 10. a3 a6 11. Bd3 Rc8 12. e5 Nd5 13. Bxh7+ Kh8 14. Bd3 f5 15.
Qe2 Nxc3 16. bxc3 Na5 17. exd6 Bxd6 18. Bd2 Nb3 19. Ra2 Nxd2 20. Qxd2 Qc7 21.
Qg5 Bf4 22. Qh5+ Kg8 23. c4 Rf6 24. Ne5 Bxe5 25. dxe5 Qxe5 26. Qe2 Qc5 27. Re1
b5 28. cxb5 Bxb5 29. Bxb5 axb5 30. Kf1 e5 31. Qxe5 Qc4+ 32. Qe2 Rfc6 33. Rd2
Rc5 34. g3 Kf7 35. h4 Rd8 36. Rxd8 1-0

[Event "26.Off.Bayer.Senioren-EM 2014"]
[Site "Bergen"]
[Date "2014.06.25"]
[Round "5.26"]
[White "Mehlhorn, Dieter"]
[Black "Worschech, Roland"]
[Result "1-0"]
[WhiteElo "1656"]
[BlackElo "1730"]
[PlyCount "73"]
[EventDate "2014.??.??"]
[WhiteTeam "Post-SV Crimmitschau"]
[BlackTeam "SK 1907 Kulmbach"]

1. d4 g6 2. Nf3 Bg7 3. c4 d6 4. Nc3 Nd7 5. Bd2 e5 6. d5 f5 7. e4 Ne7 8. Be2 Nf6
9. Bd3 O-O 10. Qc2 h6 11. c5 Bd7 12. Qb3 b6 13. cxd6 cxd6 14. Nxe5 Be8 15. Nf3
Nd7 16. Be3 Kh7 17. Bd4 Nc5 18. Qd1 Bd7 19. b4 Nxd3+ 20. Qxd3 Rc8 21. Bxg7 Kxg7
22. O-O Qc7 23. Rac1 Qc4 24. Qxc4 Rxc4 25. e5 Rfc8 26. Ne2 Nxd5 27. Rcd1 Be6
28. exd6 Rd8 29. a3 Rxd6 30. Ned4 Bc8 31. Rfe1 Kf6 32. Nb5 Rd7 33. Ne5 Nc3 34.
Nxd7+ Bxd7 35. Nxc3 Bc6 36. Nd5+ Bxd5 37. Rxd5 1-0

[Event "26.Off.Bayer.Senioren-EM 2014"]
[Site "Bergen"]
[Date "2014.06.25"]
[Round "5.27"]
[White "Abel, Hans-Peter"]
[Black "Scheuerlein, Gerhard"]
[Result "0-1"]
[WhiteElo "1715"]
[BlackElo "1585"]
[PlyCount "106"]
[EventDate "2014.??.??"]
[WhiteTeam "SC Leinfelden"]
[BlackTeam "SK Schwabach 1907 e.V."]

1. c4 e5 2. Nc3 Nc6 3. g3 f5 4. Bg2 Nf6 5. e3 Be7 6. Nge2 O-O 7. a3 a5 8. b3 d6
9. O-O Be6 10. d4 Bf7 11. dxe5 dxe5 12. Qc2 Bg6 13. f4 e4 14. Rd1 Qe8 15. Nd5
Rc8 16. Nxe7+ Qxe7 17. Bb2 Rcd8 18. h3 Bh5 19. Rxd8 Rxd8 20. Rd1 Kf8 21. Rxd8+
Qxd8 22. Nd4 Nxd4 23. Bxd4 b6 24. c5 b5 25. Bf1 c6 26. Qb2 Bf7 27. Be2 Ne8 28.
Qc3 g6 29. Kf2 Be6 30. Bd1 Bd5 31. Qd2 Bf7 32. Bg7+ Ke7 33. Qxd8+ Kxd8 34. Bc3
Bd5 35. Bxa5+ Kc8 36. Bc3 Kb7 37. g4 Bf7 38. a4 Nc7 39. a5 Nd5 40. Bd2 b4 41.
Be2 Nc3 42. a6+ Ka7 43. Bxc3 bxc3 44. Bd1 Kxa6 45. Ke1 Kb5 46. Bc2 Kxc5 47. Kd1
Kb4 48. gxf5 gxf5 49. Kc1 Bh5 50. h4 Be2 51. Kb1 Bd3 52. Kc1 Bxc2 53. Kxc2 h5
0-1

[Event "26.Off.Bayer.Senioren-EM 2014"]
[Site "Bergen"]
[Date "2014.06.25"]
[Round "5.28"]
[White "Zehfuss, Helmut"]
[Black "Janzen, Christian"]
[Result "1-0"]
[WhiteElo "1710"]
[BlackElo "1579"]
[PlyCount "79"]
[EventDate "2014.??.??"]
[WhiteTeam "SG Traunstein/Traunreut e.V."]
[BlackTeam "TSV Marienfelde 1890 e.V."]

1. e4 e5 2. Nf3 Nc6 3. Bb5 d6 4. c3 Bd7 5. O-O Nf6 6. Qe2 Be7 7. d3 O-O 8. Rd1
a6 9. Ba4 b5 10. Bc2 Na7 11. Nbd2 c5 12. Nf1 Re8 13. h3 Nc6 14. Kh2 h6 15. g4
g5 16. Ng3 Kh7 17. Nf5 Bxf5 18. gxf5 Nd7 19. Rg1 Rg8 20. Be3 Rg7 21. Nd2 Qg8
22. a4 b4 23. Nc4 a5 24. Rad1 Qb8 25. Kh1 Qc7 26. Bc1 Rag8 27. Ne3 Nf6 28. Bb3
Qb8 29. Bc4 Rh8 30. Nd5 Nxd5 31. Bxd5 Qe8 32. Be3 Kg8 33. Qd2 Kf8 34. d4 Nd8
35. dxe5 dxe5 36. Bc4 Qc6 37. Qd5 Qxd5 38. Rxd5 f6 39. Rgd1 Nf7 40. Bxc5 1-0

[Event "26.Off.Bayer.Senioren-EM 2014"]
[Site "Bergen"]
[Date "2014.06.25"]
[Round "5.29"]
[White "Oser, Thor"]
[Black "Harke, Horst"]
[Result "0-1"]
[WhiteElo "1622"]
[BlackElo "1686"]
[PlyCount "98"]
[EventDate "2014.??.??"]
[WhiteTeam "SK 1929 Jöhlingen"]
[BlackTeam "SK Varel"]

1. d4 d5 2. e3 Nf6 3. Bd3 c6 4. Nd2 Nbd7 5. f4 Nb6 6. Ngf3 Bg4 7. h3 Bxf3 8.
Qxf3 Qc7 9. g4 g6 10. h4 h5 11. g5 Ng4 12. f5 Qd6 13. fxg6 fxg6 14. c4 dxc4 15.
Bc2 Bg7 16. Ne4 Qd5 17. Bd2 Rf8 18. Qh3 O-O-O 19. O-O-O Kb8 20. Rhf1 Nd7 21.
Rxf8 Rxf8 22. Rf1 Rxf1+ 23. Qxf1 b5 24. Qe1 e5 25. Nc3 Qf7 26. d5 cxd5 27. Nxb5
a6 28. Nc3 e4 29. Ne2 Nde5 30. Nf4 Nd3+ 31. Bxd3 cxd3 32. Kb1 Ne5 33. Qd1 Qb7
34. Bc3 Nf3 35. Bxg7 Qxg7 36. Nxd5 Qb7 37. Nc3 Nxh4 38. Qa4 Nf3 39. Qe8+ Ka7
40. Qxg6 Nd2+ 41. Kc1 Nc4 42. b3 Nxe3 43. Qxh5 Qc7 44. Kb2 Qe5 45. Qh7+ Kb8 46.
Qg8+ Kc7 47. Qh7+ Kb6 48. g6 Nd1+ 49. Ka3 Qc5+ 0-1